000 00543nam a2200169Ia 4500
008 230718s9999 xx 000 0 und d
020 _a9781614294757
041 _aeng
082 _a294.344
_bDOR
100 _aDorje O.T.
_9200074
245 _aInterconnected
_bEmbracing Life In Our Global Society
260 _c2017
_bWisdom
300 _a248
365 _cRs.
_b375.00
700 _aDorje O.T.; Derris K. (Editor); Finnegan D.D. (Editor) & Finnegan D.D. (Translator)
_9200075
906 _dO:0554514-Jun-2017B:320304-May-2017
_cGENRL
_b82.5
999 _c344739
_d344739